Visualizzazione normale
Vista MARC
- Sherman
di Personal Name
Records bibliografici associati: 1
001 - CONTROL NUMBER
- control field: 871
003 - CONTROL NUMBER IDENTIFIER
- control field: IT-RoPau
005 - DATE AND TIME OF LATEST TRANSACTION
- control field: 20131101214524.0
008 - FIXED-LENGTH DATA ELEMENTS
- fixed length control field: 131101|| aca||aabn | a|a d
040 ## - CATALOGING SOURCE
- Original cataloging agency: IT-RoPau
- Transcribing agency: IT-RoPau
100 ## - HEADING--PERSONAL NAME
- Personal name: Sherman
- Name of part/section of a work: Canto di pace
- Dates associated with a name: Codice autore testo/musica SPICS: 24140
670 ## - SOURCE DATA FOUND
- Source citation: Work cat.: (IT-RoPau)103178: AA.VV. 794, Christmas (Lp Ep Sn 30.30)